<?xml version="1.0" encoding="UTF-8"?>
<marc:record xmlns:marc="http://www.loc.gov/MARC21/slim">
   <marc:leader>00000nam a2200000 a 4500</marc:leader>
   <marc:datafield ind1="1" ind2=" " tag="100">
      <marc:subfield code="a">Hannes Seebauer</marc:subfield>
   </marc:datafield>
   <marc:datafield ind1="0" ind2="0" tag="245">
      <marc:subfield code="a">Die schönsten Städte der Welt - St. Petersburg</marc:subfield>
   </marc:datafield>
   <marc:datafield ind1=" " ind2="1" tag="264">
      <marc:subfield code="b">MCP</marc:subfield>
      <marc:subfield code="c">2006</marc:subfield>
   </marc:datafield>
   <marc:datafield ind1="1" ind2=" " tag="490">
      <marc:subfield code="a">¬Der¬ DVD Reiseführer</marc:subfield>
   </marc:datafield>
   <marc:datafield ind1="1" ind2=" " tag="520">
      <marc:subfield code="a">Im Jahre 1703 gründete Zar Peter der Große St. Petersburg mitten im sumpfigen Delta der Newa. Es entstand die Hauptstadt Russlands und blieb dies auch bis 1918, als Lenin und seine revolutionäre Bolsheviken Regierung nach Moskau umzogen. Heute ist die Stadt eine lebende Erinnerung an die Zeiten der russischen Zaren. Der Winterpalast beherbergt Russlands größtes Museum, die Eremitage, mit mehr als zweieinhalb Millionen Ausstellungsstücken. Seit Peter dem Großen haben alle russischen Herrscher Kunstgegenstände erworben. Doch vor allem Katherina die Große hat vollständige Sammlungen aus europäischen Auktionshäusern gekauft. Russisches Barock und russischer Klassizismus hatten ihre Wiege in St. Petersburg - dieser _Stadt voller monumentaler Ereignisse und außergewöhnlicher Architektur. Eine Weltstadt der besonderen Art.</marc:subfield>
   </marc:datafield>
   <marc:datafield ind1=" " ind2=" " tag="020">
      <marc:subfield code="a">9002986611950</marc:subfield>
      <marc:subfield code="9">9002986611950</marc:subfield>
   </marc:datafield>
   <marc:datafield ind1="0" ind2=" " tag="490">
      <marc:subfield code="v">0</marc:subfield>
   </marc:datafield>
   <marc:datafield ind1=" " ind2=" " tag="542">
      <marc:subfield code="d">David Strong [ Erz. ]</marc:subfield>
   </marc:datafield>
   <marc:datafield ind1=" " ind2=" " tag="300">
      <marc:subfield code="a">ca. 26 Min.</marc:subfield>
   </marc:datafield>
</marc:record>
